000 00355nam a2200145Ia 4500
008 191201s2005 xx 000 0 und d
082 _a621.381
_bMIE
100 _aMillman, jacob
245 0 _aElectronic devices and Circuts
250 _a33th
260 _aN.Delhi
_bTata mc Graw Hill
_c2005
300 _a752
650 _aB.Tech(ECE)
942 _2ddc
_cBK
999 _c1178
_d1178